00644nam a2200169 a 450000100100000000500170001000800410002702000150006804000250008310000410010824500940014926000560024330000260029959000270032595201050035299900170045700004740420201002060525.0180515s2004 dr a 000 0 spa d a9945400177 aDO-SdBNPbspacBNPHU1 aCuello del Orbe, Elisa Ysabel974001 0aEducación sexual 4 :bsegundo coclo; educación media /cElisa Ysabel Cuello del Orbe. aSanto Domingo, :bActualidad Escolar 2000,c[20--]. a96p. :bil. ;c28 cm. aInventariado, 2018/MFF 0010718PDaPDbPDcHDd2018-05-15iLF1l0o p47404-10r2020-06-25w2020-06-25yLFPDZNo se presta c46892d46892